Statistics for Alice in Chains - Songs

Click here to take the quiz!

General Stats

  • This quiz has been taken 573 times
  • The average score is 32 of 74

Answer Stats

Answer% Correct
Man In The Box
96%
Would?
92%
Nutshell
91%
Rooster
89%
We Die Young
88%
Them Bones
86%
Down In A Hole
81%
Angry Chair
79%
Dirt
78%
Dam That River
71%
Heaven Beside You
71%
Rain When I Die
70%
Sludge Factory
70%
Bleed The Freak
69%
No Excuses
69%
Rotten Apple
69%
Frogs
68%
I Stay Away
68%
Junkhead
67%
Love, Hate, Love
65%
Sea Of Sorrow
65%
Brother
62%
Grind
61%
Over Now
55%
Again
53%
God Smack
53%
Black Gives Way To Blue
52%
Sunshine
50%
Sickman
49%
It Ain't Like That
47%
Untitled
46%
Don't Follow
45%
Got Me Wrong
44%
Whale & Wasp
44%
Check My Brain
43%
The Devil Put Dinosaurs Here
43%
Confusion
40%
Swing On This
40%
Hate To Feel
39%
Love Song
39%
I Know Something (Bout You)
38%
God Am
36%
Right Turn
36%
Stone
34%
Put You Down
32%
Head Creeps
30%
Your Decision
30%
Brush Away
29%
I Can't Remember
29%
Killer Is Me
29%
Real Thing
27%
Am I Inside
25%
Hollow
24%
Nothin' Song
24%
Voices
22%
Shame In You
21%
Choke
19%
Acid Bubble
17%
Phantom Limb
16%
So Close
16%
Lab Monkey
14%
All Secrets Known
13%
A Looking in View
13%
Killing Yourself
13%
Lesson Learned
13%
Last Of My Kind
11%
Breath On A Window
10%
Pretty Done
10%
Private Hell
10%
Scalpel
10%
When The Sun Rose Again
10%
Low Ceiling
9%
Take Her Out
9%
Hung On A Hook
8%

Score Distribution

Percentile by Number Answered

Percent of People with Each Score

Your Score History

You have not taken this quiz